[Event "TV Borken 1 - SC Rochade Emsdetten 2"]
[Site "Verbandsliga 2016/2017"]
[Date "2016.11.26"]
[Round "4.1"]
[White "Böhlich, Daniel"]
[Black "Schroer, Klaus"]
[Result "1-0"]
[WhiteElo "1994"]
[BlackElo "2050"]
[PlyCount "33"]
[EventDate "2016.??.??"]
[SourceDate "2016.09.26"]

1. d4 Nf6 2. c4 e6 3. Nc3 Bb4 4. Nf3 b6 5. Bg5 Bb7 6. e3 h6 7. Bh4 O-O 8. Bd3
d5 9. cxd5 exd5 10. O-O c5 11. a3 Bxc3 12. bxc3 c4 13. Bb1 Re8 14. Ne5 Qd6 15.
Qc2 Nc6 16. Bxf6 Qxf6 17. Qh7+ 1-0

[Event "TV Borken 1 - SC Rochade Emsdetten 2"]
[Site "Verbandsliga 2016/2017"]
[Date "2016.11.26"]
[Round "4.2"]
[White "Schulze-Schwering, Philipp"]
[Black "Schelwokat, Peter"]
[Result "1-0"]
[WhiteElo "2039"]
[BlackElo "1869"]
[PlyCount "90"]
[EventDate "2016.??.??"]
[SourceDate "2016.09.26"]

1. d4 d5 2. c4 c6 3. Nf3 Nf6 4. e3 e6 5. b3 Nbd7 6. Bb2 Bd6 7. Bd3 O-O 8. O-O
Ne4 9. Qc2 f5 10. Nc3 Rf6 11. Rac1 Rh6 12. g3 g5 13. Ne2 g4 14. Ne5 Bxe5 15.
dxe5 Ng5 16. f4 Nf3+ 17. Rxf3 gxf3 18. Nd4 Nc5 19. Bf1 f2+ 20. Qxf2 Ne4 21. Qc2
c5 22. Nb5 dxc4 23. Rd1 Qe7 24. Bxc4 Rg6 25. Qd3 b6 26. Qd8+ Qf8 27. Nc7 Rb8
28. Ne8 Ra8 29. Nf6+ Nxf6 30. exf6 Qxd8 31. Rxd8+ Kf7 32. e4 Rg8 33. Rd6 fxe4
34. f5 Re8 35. Be5 b5 36. Bxb5 exf5 37. Bxe8+ Kxe8 38. Rc6 Bb7 39. Rc7 Bd5 40.
Rxh7 Rc8 41. Re7+ Kd8 42. Rxa7 c4 43. f7 Bxf7 44. Rxf7 Rc5 45. Rxf5 c3 1-0

[Event "TV Borken 1 - SC Rochade Emsdetten 2"]
[Site "Verbandsliga 2016/2017"]
[Date "2016.11.26"]
[Round "4.3"]
[White "Hedwig, Johannes"]
[Black "Beckmann, David"]
[Result "1/2-1/2"]
[WhiteElo "1784"]
[BlackElo "1977"]
[PlyCount "84"]
[EventDate "2016.??.??"]
[SourceDate "2016.09.26"]

1. e4 e6 2. d4 d5 3. exd5 exd5 4. Nf3 Bd6 5. c4 c6 6. Nc3 Ne7 7. cxd5 Nxd5 8.
Nxd5 cxd5 9. Bb5+ Bd7 10. Qe2+ Qe7 11. Qxe7+ Kxe7 12. Bxd7 Kxd7 13. O-O Nc6 14.
Bd2 f6 15. Bc3 Rae8 16. Rfe1 Bb4 17. Rxe8 Rxe8 18. Re1 Rxe1+ 19. Nxe1 Bxc3 20.
bxc3 Na5 21. Kf1 Nc4 22. Ke2 Kc6 23. Nc2 a5 24. Ne3 Nd6 25. Kd3 b5 26. a3 f5
27. g3 g6 28. f3 Nf7 29. Ng2 Kd6 30. Ne3 Ng5 31. Ke2 Ne6 32. Ng2 Nd8 33. Ne3
Nc6 34. Nc2 Ke6 35. Kd3 Kd6 36. Kd2 a4 37. Ne3 Na5 38. Kd3 Ke6 39. Ke2 g5 40.
f4 h6 41. h4 gxf4 42. gxf4 Nb7 1/2-1/2

[Event "TV Borken 1 - SC Rochade Emsdetten 2"]
[Site "Verbandsliga 2016/2017"]
[Date "2016.11.26"]
[Round "4.4"]
[White "Farwick, Christian"]
[Black "Nöring, Andreas"]
[Result "1/2-1/2"]
[WhiteElo "1795"]
[BlackElo "1836"]
[PlyCount "70"]
[EventDate "2016.??.??"]
[SourceDate "2016.09.26"]

1. Nf3 c5 2. c4 g6 3. Nc3 Bg7 4. e4 Nc6 5. Be2 d6 6. O-O Nf6 7. d4 cxd4 8. Nxd4
O-O 9. Nxc6 bxc6 10. Qc2 Qc7 11. h3 Bb7 12. Bf4 Nd7 13. Rac1 Rfd8 14. Rfd1 Be5
15. Be3 c5 16. Nd5 Bxd5 17. exd5 a5 18. f4 Bg7 19. Rf1 Rdb8 20. b3 a4 21. f5
axb3 22. axb3 Ra3 23. fxg6 hxg6 24. Rb1 Qa7 25. Bd1 Ne5 26. Qe4 Ra1 27. Rxa1
Qxa1 28. h4 Qc3 29. Qf4 Rf8 30. Bd2 Qd3 31. Qe3 Qxe3+ 32. Bxe3 Ra8 33. h5 gxh5
34. Bxh5 Rf8 35. Bd1 Ra8 1/2-1/2

[Event "TV Borken 1 - SC Rochade Emsdetten 2"]
[Site "Verbandsliga 2016/2017"]
[Date "2016.11.26"]
[Round "4.5"]
[White "Fehlings, Gerd"]
[Black "Vijayakumaran, Vithoosan"]
[Result "1/2-1/2"]
[WhiteElo "1753"]
[BlackElo "1736"]
[PlyCount "130"]
[EventDate "2016.??.??"]
[SourceDate "2016.09.26"]

1. d4 Nf6 2. c4 e6 3. g3 c6 4. Bg2 d5 5. Nf3 Nbd7 6. O-O b5 7. b3 Ne4 8. Nbd2
Nc3 9. Qe1 bxc4 10. bxc4 Ba6 11. a4 Rb8 12. a5 Bb4 13. Ba3 Qe7 14. Bxb4 Qxb4
15. Nb1 Nxb1 16. Rxb1 Qxb1 17. Qxb1 Rxb1 18. Rxb1 Bxc4 19. Rb7 f6 20. Rxa7 Ke7
21. e3 Rb8 22. Nd2 Bd3 23. Bf1 Bxf1 24. Kxf1 e5 25. dxe5 fxe5 26. Nf3 Kd6 27.
h4 c5 28. Ra6+ Kc7 29. Re6 e4 30. Ne5 Nxe5 31. Rxe5 Kd6 32. Rg5 Rb7 33. h5 c4
34. Ke1 c3 35. Kd1 Kc5 36. Re5 Kc4 37. Re6 Kd3 38. Rb6 Ra7 39. a6 Rf7 40. Rd6
Rxf2 41. Rxd5+ Kxe3 42. Ra5 Kd3 43. Rd5+ Kc4 44. Ra5 e3 45. a7 c2+ 46. Kc1 e2
47. Re5 Kd3 48. Rd5+ Kc3 49. Rc5+ Kd4 50. Rd5+ Kc4 51. Re5 Rf1+ 52. Kxc2 Ra1
53. a8=Q Rxa8 54. Rxe2 Ra2+ 55. Kd1 Ra3 56. Rg2 Kd3 57. Ke1 Ke3 58. Re2+ Kf3
59. Rf2+ Ke4 60. Rf4+ Ke3 61. Kf1 Ra5 62. Rf7 Rg5 63. Kg2 Ke4 64. h6 gxh6 65.
Rxh7 Rg6 1/2-1/2

[Event "TV Borken 1 - SC Rochade Emsdetten 2"]
[Site "Verbandsliga 2016/2017"]
[Date "2016.11.26"]
[Round "4.6"]
[White "Theißen, Frank"]
[Black "Hemmers, Dieter"]
[Result "1/2-1/2"]
[WhiteElo "1760"]
[BlackElo "1782"]
[PlyCount "93"]
[EventDate "2016.??.??"]
[SourceDate "2016.09.26"]

1. e4 c5 2. Nc3 Nc6 3. g3 g6 4. Bg2 Bg7 5. d3 d6 6. f4 e6 7. Nf3 Nge7 8. Be3 a6
9. O-O O-O 10. Qd2 Rb8 11. Rae1 b5 12. e5 Nd5 13. Nxd5 exd5 14. d4 dxe5 15.
Nxe5 Nxe5 16. fxe5 cxd4 17. Bxd4 Be6 18. Bc5 Re8 19. Bd6 Rc8 20. Bxd5 Bxe5 21.
Bxe5 Bxd5 22. Qh6 Rxe5 23. Rxe5 Rxc2 24. Rf2 Rxf2 25. Kxf2 Bxa2 26. Qe3 Be6 27.
h4 h5 28. Qc3 Qb6+ 29. Qe3 Qd8 30. Qc3 Qb6+ 31. Re3 b4 32. Qe5 a5 33. b3 Bxb3
34. Qe8+ Kg7 35. Qe5+ Kh7 36. Kg2 Be6 37. Rd3 Qc6+ 38. Kf2 Qc2+ 39. Ke3 Qc1+
40. Kf2 Qc2+ 41. Ke3 Bc4 42. Rd8 Qe2+ 43. Kf4 Qxe5+ 44. Kxe5 b3 45. Kd4 Be6 46.
Ra8 Kg7 47. Rxa5 1/2-1/2

[Event "TV Borken 1 - SC Rochade Emsdetten 2"]
[Site "Verbandsliga 2016/2017"]
[Date "2016.11.26"]
[Round "4.7"]
[White "Wehmeier, Sven"]
[Black "Rickert, Berthold"]
[Result "1/2-1/2"]
[WhiteElo "1776"]
[BlackElo "1743"]
[PlyCount "77"]
[EventDate "2016.??.??"]
[SourceDate "2016.09.26"]

1. e4 g6 2. d4 Bg7 3. c3 d6 4. f4 f5 5. e5 d5 6. h4 e6 7. h5 Nd7 8. Nf3 Nf8 9.
a4 Bd7 10. Qb3 Bc6 11. Na3 Qd7 12. Nc2 a5 13. g3 Nh6 14. Be2 Nf7 15. Bd2 b6 16.
Kf2 h6 17. hxg6 Nxg6 18. Ng1 Rg8 19. Bb5 Bxb5 20. axb5 Bf8 21. Qa4 Nd8 22. Ne2
Rh8 23. Ne1 h5 24. Nf3 Be7 25. Rh2 h4 26. gxh4 Bxh4+ 27. Nxh4 Rxh4 28. Rxh4
Nxh4 29. Rh1 Ng6 30. Ng3 Nb7 31. Nh5 O-O-O 32. Nf6 Qe7 33. Rh7 Qf8 34. Qd1 Ne7
35. Qh5 Ng8 36. Nxg8 Qxg8 37. Qh6 Re8 38. Rg7 Qh8 39. Rh7 1/2-1/2

[Event "TV Borken 1 - SC Rochade Emsdetten 2"]
[Site "Verbandsliga 2016/2017"]
[Date "2016.11.26"]
[Round "4.8"]
[White "Klüppel, Ralf"]
[Black "Wissing, Philipp"]
[Result "1/2-1/2"]
[WhiteElo "1729"]
[BlackElo "1745"]
[PlyCount "65"]
[EventDate "2016.??.??"]
[SourceDate "2016.09.26"]

1. d4 d5 2. Nf3 Nf6 3. e3 Bf5 4. Bd3 e6 5. O-O Bd6 6. c4 c6 7. cxd5 cxd5 8. Nc3
Nbd7 9. h3 Ne4 10. Bxe4 dxe4 11. Nd2 Qh4 12. f4 Nf6 13. Nc4 Be7 14. Qa4+ Kf8
15. Bd2 g5 16. Ne2 g4 17. Be1 Qh6 18. h4 Nd5 19. g3 a6 20. Qb3 b5 21. Ne5 Rc8
22. Rc1 Rxc1 23. Nxc1 Kg7 24. Ne2 Rc8 25. Bf2 f6 26. Nd7 Qh5 27. Nc5 Bxc5 28.
dxc5 Rxc5 29. Qa3 Rc6 30. Nd4 Rb6 31. Rc1 Qf7 32. Rc5 Bg6 33. Qb3 1/2-1/2

[Event "SV Heiden 1 - SG Ahaus-Wessum 1"]
[Site "Verbandsliga 2016/2017"]
[Date "2016.11.26"]
[Round "4.1"]
[White "Schulze Ameling, Hendrik"]
[Black "Wienen, Hermann"]
[Result "1-0"]
[WhiteElo "1994"]
[BlackElo "1965"]
[PlyCount "55"]
[EventDate "2016.??.??"]
[SourceDate "2016.09.26"]

1. d4 e6 2. e4 d5 3. Nc3 dxe4 4. Nxe4 Nf6 5. Bg5 Be7 6. Bxf6 Bxf6 7. Nf3 Be7 8.
Bd3 Nd7 9. Qe2 c5 10. O-O-O Qa5 11. Kb1 a6 12. d5 Nf6 13. d6 Bd8 14. Ne5 Bd7
15. Ng5 Rf8 16. Nexf7 Rxf7 17. Nxe6 Bxe6 18. Qxe6+ Kf8 19. Bc4 Rd7 20. g4 b5
21. Bd5 Raa7 22. Bc6 Rf7 23. g5 Qb6 24. Bf3 Ng8 25. Rhe1 g6 26. Qe8+ Kg7 27.
Bd5 Rad7 28. Re7 1-0

[Event "SV Heiden 1 - SG Ahaus-Wessum 1"]
[Site "Verbandsliga 2016/2017"]
[Date "2016.11.26"]
[Round "4.2"]
[White "Berger, Alfred"]
[Black "Rosing, Hermann"]
[Result "1/2-1/2"]
[WhiteElo "1946"]
[BlackElo "1943"]
[PlyCount "49"]
[EventDate "2016.??.??"]
[SourceDate "2016.09.26"]

1. d4 f5 2. Nc3 g6 3. e4 fxe4 4. Nxe4 Bg7 5. Nf3 d5 6. Ng3 Nf6 7. Ne5 Qd6 8. c3
Nbd7 9. Bf4 Qb6 10. b4 O-O 11. Qd2 c6 12. Be2 a5 13. bxa5 Qxa5 14. O-O Nxe5 15.
Bxe5 Ne4 16. Nxe4 Bxe5 17. dxe5 dxe4 18. Bc4+ Kg7 19. Qd4 Rd8 20. Qxe4 Bf5 21.
Qe3 b5 22. Bb3 Qa3 23. Qg5 h6 24. Qh4 Qc5 25. Rac1 1/2-1/2

[Event "SV Heiden 1 - SG Ahaus-Wessum 1"]
[Site "Verbandsliga 2016/2017"]
[Date "2016.11.26"]
[Round "4.4"]
[White "Sicking, Norbert"]
[Black "Winking, Hendirk"]
[Result "1/2-1/2"]
[WhiteElo "1781"]
[BlackElo "1934"]
[PlyCount "49"]
[EventDate "2016.??.??"]
[SourceDate "2016.09.26"]

1. d4 e6 2. Nf3 d5 3. g3 c5 4. c3 Nc6 5. Bg2 cxd4 6. cxd4 f5 7. O-O Nf6 8. Nc3
Bd6 9. a3 a6 10. b4 O-O 11. Rb1 b5 12. Qd3 Rb8 13. Nh4 Ne4 14. f4 Qb6 15. e3
Nxc3 16. Qxc3 Bd7 17. Bb2 a5 18. bxa5 Qxa5 19. Qd3 b4 20. axb4 Nxb4 21. Qd2
Rfc8 22. Rfc1 Rxc1+ 23. Bxc1 Qa4 24. Bf3 g6 25. Ng2 1/2-1/2

[Event "SV Heiden 1 - SG Ahaus-Wessum 1"]
[Site "Verbandsliga 2016/2017"]
[Date "2016.11.26"]
[Round "4.5"]
[White "ter Horst, Carsten"]
[Black "Vestrick, Frank"]
[Result "1-0"]
[WhiteElo "1847"]
[BlackElo "1675"]
[PlyCount "63"]
[EventDate "2016.??.??"]
[SourceDate "2016.09.26"]

1. e4 d6 2. d4 Nf6 3. Nc3 g6 4. f4 Bg7 5. Nf3 c6 6. Bd3 O-O 7. O-O Qc7 8. e5
Ne8 9. Qe1 b5 10. Qh4 f6 11. Bd2 Na6 12. a3 Qd7 13. Rae1 Nac7 14. e6 Qd8 15. f5
g5 16. Bxg5 fxg5 17. Nxg5 Nf6 18. g4 Ba6 19. Nf7 Rxf7 20. exf7+ Kxf7 21. g5 Qh8
22. gxf6 Bxf6 23. Qh5+ Kf8 24. Ne2 c5 25. Nf4 Bxd4+ 26. Kh1 Bb7+ 27. Be4 Bxe4+
28. Rxe4 Qf6 29. Qxh7 Ke8 30. Rfe1 Be5 31. Ng6 Qxf5 32. Qxe7# 1-0

[Event "SV Heiden 1 - SG Ahaus-Wessum 1"]
[Site "Verbandsliga 2016/2017"]
[Date "2016.11.26"]
[Round "4.6"]
[White "Wetter, Ralf"]
[Black "Woltering, Martin"]
[Result "1/2-1/2"]
[WhiteElo "1884"]
[BlackElo "1789"]
[PlyCount "39"]
[EventDate "2016.??.??"]
[SourceDate "2016.09.26"]

1. Nf3 f5 2. d4 e6 3. g3 Nf6 4. Bg2 Be7 5. O-O d6 6. c4 O-O 7. Nc3 Qe8 8. Bf4
Nh5 9. Bd2 Qg6 10. Qc2 Nd7 11. e4 f4 12. Rac1 e5 13. dxe5 dxe5 14. Nd5 Bd6 15.
Nh4 Qf7 16. Nf5 Ndf6 17. c5 Nxd5 18. cxd6 Bxf5 19. exf5 cxd6 20. Rfd1 1/2-1/2

[Event "SV Heiden 1 - SG Ahaus-Wessum 1"]
[Site "Verbandsliga 2016/2017"]
[Date "2016.11.26"]
[Round "4.7"]
[White "Terdues, Guido"]
[Black "Niewerth, Gerd"]
[Result "1/2-1/2"]
[WhiteElo "1727"]
[BlackElo "1766"]
[PlyCount "72"]
[EventDate "2016.??.??"]
[SourceDate "2016.09.26"]

1. f4 d5 2. Nf3 c5 3. e3 Nc6 4. b3 Nf6 5. Bb2 e6 6. Be2 Be7 7. O-O O-O 8. Ne5
Qc7 9. d3 b6 10. Qe1 Bb7 11. Qg3 Rad8 12. Nd2 Ne8 13. a3 f6 14. Ng4 f5 15. Ne5
Nf6 16. Rae1 a6 17. Ndf3 b5 18. Qh3 Bc8 19. Ng5 h6 20. Ngf3 Bd6 21. g4 fxg4 22.
Nxg4 Nxg4 23. Qxg4 e5 24. Qg2 exf4 25. exf4 Bxf4 26. Nh4 Be3+ 27. Kh1 d4 28.
Bc1 Rxf1+ 29. Rxf1 Bxc1 30. Rxc1 Ne5 31. Kg1 Bb7 32. Qg3 Qe7 33. Rf1 Nf7 34.
Nf5 Qg5 35. Bg4 h5 36. Bxh5 Qxg3+ 1/2-1/2

[Event "SV Heiden 1 - SG Ahaus-Wessum 1"]
[Site "Verbandsliga 2016/2017"]
[Date "2016.11.26"]
[Round "4.8"]
[White "Wichert, Michael"]
[Black "Mast, Holger"]
[Result "1/2-1/2"]
[WhiteElo "1679"]
[BlackElo "1708"]
[PlyCount "76"]
[EventDate "2016.??.??"]
[SourceDate "2016.09.26"]

1. Nf3 c5 2. d3 d6 3. g3 Nc6 4. Bg2 g6 5. O-O Bg7 6. Re1 Be6 7. c3 Qd7 8. Ng5
Rc8 9. Nxe6 Qxe6 10. a4 Nf6 11. e4 O-O 12. Nd2 Ne5 13. Qc2 Rc7 14. f4 Nc6 15.
Nf3 h6 16. Bd2 Na5 17. Ra3 b6 18. Nh4 Qd7 19. e5 dxe5 20. fxe5 Nd5 21. e6 fxe6
22. Nxg6 Rf5 23. Be4 Rf7 24. Qc1 Nb4 25. c4 Qd4+ 26. Kh1 Qxb2 27. Bxh6 Qxc1 28.
Bxc1 Nc2 29. Rd1 Nxa3 30. Bxa3 Bd4 31. Nf4 Rf6 32. h4 Nc6 33. Bc1 Ne5 34. Kg2
Rc8 35. Kh3 Rcf8 36. Bd2 Nd7 37. h5 R8f7 38. Bg6 Rg7 1/2-1/2

[Event "SF Beelen 1 - SK Münster 4"]
[Site "Verbandsliga 2016/2017"]
[Date "2016.11.26"]
[Round "4.1"]
[White "Jansen, Dirk"]
[Black "Hofene, Dieter"]
[Result "0-1"]
[WhiteElo "1894"]
[BlackElo "1986"]
[PlyCount "148"]
[EventDate "2016.??.??"]
[SourceDate "2016.09.26"]

1. c4 Nc6 2. Nc3 e5 3. Nf3 g6 4. d4 exd4 5. Nxd4 Bg7 6. Nxc6 bxc6 7. g3 Ne7 8.
Bg2 O-O 9. O-O Rb8 10. e4 d6 11. Qd2 Be6 12. b3 Qd7 13. Bb2 Bh3 14. Rad1 Bxg2
15. Kxg2 Qe6 16. Rfe1 Rbe8 17. f3 Qc8 18. Ne2 c5 19. Bxg7 Kxg7 20. Nf4 f6 21.
b4 cxb4 22. Qxb4 Nc6 23. Qa4 Qb7 24. Rb1 Qa8 25. Nd5 Rf7 26. c5 dxc5 27. Rec1
Ne5 28. Rxc5 c6 29. Nf4 Rd7 30. Rd1 Qb7 31. Rcc1 Ree7 32. Rxd7 Qxd7 33. Rd1 Qb7
34. Qa3 Kf7 35. Nd3 Qb5 36. Nxe5+ Qxe5 37. Qb3+ Qe6 38. Qxe6+ Kxe6 39. f4 Rb7
40. Rd2 a5 41. Kf3 Rb1 42. Ke3 h5 43. Kf3 Rf1+ 44. Ke2 Rh1 45. Ke3 Ra1 46. Ke2
g5 47. Ke3 gxf4+ 48. gxf4 Rb1 49. Ke2 a4 50. Ke3 Ra1 51. Ke2 a3 52. Ke3 Re1+
53. Re2 Rb1 54. Rd2 h4 55. Kd3 Rf1 56. Ke3 Ra1 57. Ke2 c5 58. Kd3 Rc1 59. Rc2
Rd1+ 60. Ke2 Rh1 61. Kd3 Kd6 62. Re2 Rb1 63. e5+ fxe5 64. fxe5+ Ke6 65. Re4 Rb2
66. Rxh4 Rxa2 67. Ra4 Rxh2 68. Ra5 a2 69. Kc4 Rc2+ 70. Kb3 Re2 71. Rxa2 Rxa2
72. Kxa2 Kxe5 73. Kb3 Kd4 74. Kc2 Kc4 0-1

[Event "SF Beelen 1 - SK Münster 4"]
[Site "Verbandsliga 2016/2017"]
[Date "2016.11.26"]
[Round "4.2"]
[White "Hanewinkel, Winfried"]
[Black "Voß, Norbert"]
[Result "1/2-1/2"]
[WhiteElo "1901"]
[BlackElo "1823"]
[PlyCount "20"]
[EventDate "2016.??.??"]
[SourceDate "2016.09.26"]

1. d4 d6 2. Nf3 Bg4 3. e4 Nf6 4. Nc3 c6 5. Be2 e6 6. Be3 Be7 7. h3 Bh5 8. Nd2
Bxe2 9. Qxe2 O-O 10. O-O d5 1/2-1/2

[Event "SF Beelen 1 - SK Münster 4"]
[Site "Verbandsliga 2016/2017"]
[Date "2016.11.26"]
[Round "4.3"]
[White "Schöpper, Oliver"]
[Black "Henke, Wolfgang"]
[Result "1-0"]
[WhiteElo "1818"]
[BlackElo "1784"]
[PlyCount "81"]
[EventDate "2016.??.??"]
[SourceDate "2016.09.26"]

1. d4 Nf6 2. c4 g6 3. Nf3 Bg7 4. Nc3 d6 5. g3 O-O 6. Bg2 Na6 7. O-O c6 8. e4 e5
9. h3 Re8 10. Be3 Qc7 11. Rc1 Bd7 12. Nb5 cxb5 13. cxb5 Qa5 14. bxa6 Qxa6 15.
dxe5 dxe5 16. Rc7 Bb5 17. Qb3 Nd7 18. Rfc1 Bc6 19. R1xc6 bxc6 20. Rxd7 Rf8 21.
Bc5 Rab8 22. Qa3 Qxa3 23. Bxa3 Rfd8 24. Rxa7 Rd1+ 25. Bf1 f6 26. Kg2 Rc1 27. b3
Rc2 28. Bc4+ Kh8 29. Be7 f5 30. Ng5 h6 31. Bf6 Rxc4 32. Bxg7+ Kg8 33. Bxh6 Rcb4
34. Rg7+ Kf8 35. Ne6+ Ke8 36. Bg5 R8b7 37. Rxg6 fxe4 38. Nc5 Ra7 39. Rxc6 Rxa2
40. Re6+ Kf7 41. Rxe5 1-0

[Event "SF Beelen 1 - SK Münster 4"]
[Site "Verbandsliga 2016/2017"]
[Date "2016.11.26"]
[Round "4.4"]
[White "Cigelski, Rudolf"]
[Black "Voß, Andreas"]
[Result "1/2-1/2"]
[WhiteElo "1805"]
[BlackElo "1802"]
[PlyCount "98"]
[EventDate "2016.??.??"]
[SourceDate "2016.09.26"]

1. e4 d5 2. exd5 Nf6 3. d4 Nxd5 4. c4 Nb6 5. Nc3 e5 6. dxe5 Qxd1+ 7. Nxd1 Nc6
8. f4 Be6 9. b3 Nb4 10. Ne3 Bc5 11. a3 Bd4 12. Rb1 Bxe3 13. axb4 Bf5 14. Ra1
Bd4 15. Ra3 f6 16. Nf3 fxe5 17. fxe5 Bc3+ 18. Bd2 Bxd2+ 19. Kxd2 O-O-O+ 20. Ke3
Rd1 21. Nd4 Re1+ 22. Be2 Rxh1 23. Nxf5 g6 24. Ng3 Rxh2 25. Bg4+ Kb8 26. Ra2 Rh4
27. Bh3 Re8 28. e6 g5 29. Bf5 Rf4 30. Rf2 Rxf2 31. Kxf2 h6 32. Kf3 Nc8 33. c5
Ne7 34. Bg4 Rf8+ 35. Ke3 Nd5+ 36. Kd4 Ne7 37. Ne2 Kc8 38. b5 Kd8 39. Bf3 b6 40.
Nc3 Rf4+ 41. Be4 h5 42. b4 g4 43. Ne2 Rf8 44. g3 Nf5+ 45. Ke5 Ne7 46. Nf4 Rh8
47. Ng2 Rh6 48. Nh4 Ke8 49. Ng2 Kd8 1/2-1/2

[Event "SF Beelen 1 - SK Münster 4"]
[Site "Verbandsliga 2016/2017"]
[Date "2016.11.26"]
[Round "4.5"]
[White "Baumann, Eva"]
[Black "Hofene, Josef"]
[Result "1-0"]
[WhiteElo "1704"]
[BlackElo "1710"]
[PlyCount "77"]
[EventDate "2016.??.??"]
[SourceDate "2016.09.26"]

1. e4 d6 2. d4 Nf6 3. Nc3 g6 4. Nf3 Bg7 5. h3 O-O 6. Be3 Nbd7 7. Qd2 a6 8. a4
c5 9. Bd3 cxd4 10. Bxd4 Nc5 11. O-O Nxd3 12. cxd3 Bd7 13. Rfc1 Bc6 14. b4 b5
15. axb5 axb5 16. Ra2 Qd7 17. Rca1 Rxa2 18. Rxa2 Ra8 19. Rxa8+ Bxa8 20. Qa2 Bc6
21. Qa6 e5 22. Be3 Ne8 23. d4 exd4 24. Nxd4 Bxd4 25. Bxd4 Nc7 26. Qb6 Ne6 27.
Bf6 Qc7 28. Qe3 Qb7 29. Qd3 Qd7 30. Qd2 Ng7 31. Nd5 Bxd5 32. Qxd5 Ne8 33. Bc3
Qe6 34. Qxb5 Qxe4 35. Qd7 d5 36. b5 Qe6 37. Qd8 f6 38. b6 Qc6 39. b7 1-0

[Event "SF Beelen 1 - SK Münster 4"]
[Site "Verbandsliga 2016/2017"]
[Date "2016.11.26"]
[Round "4.6"]
[White "Schemmann, Bernhard"]
[Black "Jensen, Sören"]
[Result "0-1"]
[WhiteElo "1853"]
[BlackElo "1734"]
[PlyCount "52"]
[EventDate "2016.??.??"]
[SourceDate "2016.09.26"]

1. c4 Nf6 2. g3 e5 3. Bg2 Bc5 4. Nc3 c6 5. e3 d6 6. Nge2 O-O 7. O-O Bg4 8. h3
Bf5 9. d4 Bb4 10. Qb3 Ba5 11. e4 Bd7 12. Be3 Qc8 13. Kh2 Bc7 14. c5 Na6 15.
cxd6 Bxd6 16. dxe5 Bxe5 17. f4 Be6 18. Qa3 Bc7 19. e5 Nd7 20. Ne4 Bb6 21. Nd6
Qc7 22. Rfc1 Bxe3 23. Qxe3 Nb6 24. Nc3 Qe7 25. Nce4 Nd7 26. f5 Bd5 0-1

[Event "SF Beelen 1 - SK Münster 4"]
[Site "Verbandsliga 2016/2017"]
[Date "2016.11.26"]
[Round "4.7"]
[White "Schmitt, Konrad"]
[Black "Hanewinkel, Martin"]
[Result "0-1"]
[WhiteElo "1684"]
[BlackElo "1804"]
[PlyCount "110"]
[EventDate "2016.??.??"]
[SourceDate "2016.09.26"]

1. e4 c5 2. Nf3 e6 3. d4 cxd4 4. Nxd4 a6 5. c3 Qc7 6. Be3 Nf6 7. f3 d5 8. exd5
Nxd5 9. Bf2 Bd6 10. g3 Bd7 11. Nd2 Nc6 12. Bg2 O-O 13. O-O Rac8 14. Ne4 Be7 15.
Rc1 Nf6 16. Nd2 Rfd8 17. Qe2 Qe5 18. Rfe1 Qxe2 19. Rxe2 Nxd4 20. Bxd4 Bb5 21.
Ree1 e5 22. Be3 Nd5 23. Nb3 Nxe3 24. Rxe3 Bg5 25. f4 exf4 26. Re5 f6 27. Rd5
fxg3 28. Rxg5 gxh2+ 29. Kxh2 fxg5 30. Re1 Bc6 31. Bh3 Rc7 32. Nd4 Bd5 33. a3 g6
34. Re5 Kg7 35. Rxd5 Rxd5 36. Ne6+ Kf6 37. Nxc7 Rd2+ 38. Kg3 Rxb2 39. Bg2 Ke5
40. Bf3 h5 41. Nd5 g4 42. Bh1 Rb1 43. Bg2 g5 44. Ne3 Rb3 45. Nd1 b5 46. a4 bxa4
47. Bf1 a3 48. Bc4 Rb1 49. Nf2 a5 50. Nd3+ Kd6 51. Ba2 Ra1 52. Bc4 a2 53. Ne1
Rxe1 54. Bxa2 Re3+ 55. Kg2 Re2+ 0-1

[Event "SF Beelen 1 - SK Münster 4"]
[Site "Verbandsliga 2016/2017"]
[Date "2016.11.26"]
[Round "4.8"]
[White "Fartmann, Franz-Josef"]
[Black "Lysyy, Volodymyr"]
[Result "1-0"]
[WhiteElo "1752"]
[BlackElo "1595"]
[PlyCount "105"]
[EventDate "2016.??.??"]
[SourceDate "2016.09.26"]

1. b3 Nf6 2. Bb2 e6 3. e3 Be7 4. Be2 O-O 5. Nf3 Nc6 6. O-O d5 7. d3 Bd7 8. Nbd2
a6 9. c4 Rb8 10. a3 b5 11. Qc2 h6 12. Rfd1 Nh7 13. cxd5 exd5 14. Ne5 Nxe5 15.
Bxe5 Rc8 16. d4 c5 17. dxc5 Rxc5 18. Qb2 Bf6 19. Rac1 Rxc1 20. Rxc1 Qb6 21. Nf3
Rc8 22. Rxc8+ Bxc8 23. Qc2 Bg4 24. Bd3 Nf8 25. Bxf6 Qxf6 26. Nd4 Qd6 27. b4 g6
28. Qc6 Qxc6 29. Nxc6 Kg7 30. Kf1 Nd7 31. f3 Be6 32. Bc2 Nb6 33. Ke2 Nc4 34. a4
Bd7 35. axb5 axb5 36. Nd4 Na3 37. Bb3 Nc4 38. Kd3 Nb6 39. Ne2 Bc6 40. Nc3 Nc4
41. Kd4 Kf6 42. Kc5 Ba8 43. Nd1 Ke6 44. Kxb5 Nd2 45. Ba2 Kd6 46. Kb6 f5 47. b5
d4 48. exd4 Bd5 49. Bxd5 Kxd5 50. Kc7 Nc4 51. b6 Na5 52. b7 Nc6 53. Ne3+ 1-0

[Event "SC Falke Saerbeck 1 - SF Telgte 1"]
[Site "Verbandsliga 2016/2017"]
[Date "2016.11.26"]
[Round "4.1"]
[White "Hackl-Sommer, René"]
[Black "Hegemann, Eike"]
[Result "1/2-1/2"]
[WhiteElo "1986"]
[BlackElo "1987"]
[PlyCount "99"]
[EventDate "2016.??.??"]
[SourceDate "2016.09.26"]

1. e4 c5 2. Nf3 d6 3. d4 cxd4 4. Nxd4 Nf6 5. Nc3 a6 6. h3 e6 7. g4 Nc6 8. Bg2
Be7 9. O-O O-O 10. Be3 Nxd4 11. Qxd4 e5 12. Qb6 Be6 13. Rfd1 Qd7 14. Bg5 Rfc8
15. Bxf6 Rc6 16. Qe3 Bxf6 17. Bf1 Qe7 18. Bd3 Bg5 19. Qf3 g6 20. Ne2 Kg7 21.
Kg2 Rh8 22. Ng3 Qd7 23. Qe2 h5 24. f3 Bf4 25. Rh1 h4 26. Nf1 Rhc8 27. b3 d5 28.
Ne3 d4 29. Nd1 R8c7 30. a4 Qc8 31. Ra2 Qd8 32. Rg1 Qg5 33. Kf1 Kh6 34. Rg2 Bg3
35. Rb2 Qf4 36. Qd2 f5 37. Qxf4+ exf4 38. Nf2 fxg4 39. hxg4 Kg5 40. Nh3+ Kf6
41. Rd2 Rc3 42. Ke2 Bd7 43. Rd1 b5 44. axb5 Bxb5 45. Bxb5 axb5 46. Rxd4 Rxc2+
47. Rxc2 Rxc2+ 48. Rd2 Rc1 49. Rd6+ Ke7 50. Rd1 1/2-1/2

[Event "SC Falke Saerbeck 1 - SF Telgte 1"]
[Site "Verbandsliga 2016/2017"]
[Date "2016.11.26"]
[Round "4.2"]
[White "Kipp, Lucas"]
[Black "Kuhlenbäumer, Willi"]
[Result "0-1"]
[WhiteElo "1892"]
[BlackElo "1932"]
[PlyCount "54"]
[EventDate "2016.??.??"]
[SourceDate "2016.09.26"]

1. e4 e6 2. d4 d5 3. e5 c5 4. c3 Nc6 5. Nf3 f6 6. Bd3 f5 7. a3 Bd7 8. b4 c4 9.
Bc2 Be7 10. Qe2 Nh6 11. Bxh6 gxh6 12. Bxf5 exf5 13. e6 Bc8 14. b5 Na5 15. Ne5
O-O 16. Nf7 Qb6 17. Nxh6+ Kg7 18. Nf7 Qxe6 19. Ne5 Nb3 20. Ra2 Nc1 21. Qd2 Nxa2
22. O-O f4 23. Re1 Qf6 24. Qxa2 Be6 25. Nd2 Bf5 26. Ndf3 Rfe8 27. Qd2 Be4 0-1

[Event "SC Falke Saerbeck 1 - SF Telgte 1"]
[Site "Verbandsliga 2016/2017"]
[Date "2016.11.26"]
[Round "4.3"]
[White "Junker, Axel"]
[Black "Fischer, Andreas"]
[Result "1/2-1/2"]
[WhiteElo "1881"]
[BlackElo "1927"]
[PlyCount "56"]
[EventDate "2016.??.??"]
[SourceDate "2016.09.26"]

1. d4 d5 2. Bg5 Nd7 3. Nf3 Ngf6 4. g3 e6 5. Bg2 Be7 6. O-O O-O 7. c4 h6 8. Bf4
Ne4 9. cxd5 exd5 10. Qb3 c6 11. Nfd2 Nxd2 12. Nxd2 Nf6 13. f3 Re8 14. Be3 Bd6
15. Rfe1 Qa5 16. a3 c5 17. Nf1 c4 18. Qc2 Bd7 19. Bf2 Rac8 20. e4 dxe4 21. fxe4
Ng4 22. e5 Nxf2 23. Qxf2 Bf8 24. Bxb7 Rc7 25. Bg2 Rb8 26. Kh1 Qb6 27. Re2 c3
28. bxc3 Rxc3 1/2-1/2

[Event "SC Falke Saerbeck 1 - SF Telgte 1"]
[Site "Verbandsliga 2016/2017"]
[Date "2016.11.26"]
[Round "4.4"]
[White "Hoge, Reinhard"]
[Black "Kuhlenbäumer, Alfred"]
[Result "0-1"]
[WhiteElo "1898"]
[BlackElo "1885"]
[PlyCount "42"]
[EventDate "2016.??.??"]
[SourceDate "2016.09.26"]

1. c4 e5 2. g3 d5 3. cxd5 Nf6 4. Nc3 Nxd5 5. Bg2 c6 6. Nf3 Bd6 7. O-O O-O 8. d4
Nxc3 9. bxc3 Bg4 10. e4 Qc7 11. Be3 Nd7 12. Qc2 Rfe8 13. Nh4 Be7 14. f4 Bxh4
15. gxh4 f6 16. Qf2 Bh5 17. Qg3 b6 18. Rf2 Rad8 19. Bh3 exd4 20. Rg2 Nc5 21.
Bxd4 Nxe4 0-1